Macko Uško v horách vyber sa do hôr s rodinou macka Uška

Bibliographic Details
Other Authors: Jankovič, Branislav (Translator)
Format: Book
Language:Slovak
PhysicalDescription:[16] s. 26 cm
Published: Bratislava Mladé letá 1998
ISBN:8006008930
Series:Pre najmenších
Subjects:

MARC

LEADER 00000nam a2200000 a 4500
001 vtls001358346
003 SK-MaSNL
005 20260301201007.0
008 251113s1998 xo slo
015 |a SNBG1999/02-00733 
020 |a 8006008930 
035 |a SNK000311866 
035 |a urn:nbn:sk:snk-amthve 
035 |a urn:nbn:sk:snk-am00c4cx 
035 |a 930A31F6-C601-4FAB-B00B-B6BC6202870D 
040 |a SNK  |b slo  |c SNK  |e AACR2 
041 0 |a slo 
044 |a xo  |c SK 
080 |a 087.5(084)  |2 1981 
245 0 |a Macko Uško v horách  |h grafika  |b vyber sa do hôr s rodinou macka Uška  |c [z talianskeho originálu preložil Branislav Jankovič] 
260 |a Bratislava  |b Mladé letá  |c 1998 
300 |a [16] s.  |c 26 cm 
490 1 |a Pre najmenších 
650 0 7 |a leporelá  |2 SNK  |9 284032 
700 1 |a Jankovič, Branislav  |4 trl  |9 296693 
830 0 |a Pre najmenších  |9 333914 
919 |a 80-06-00893-0 
958 |a GKH 
958 |a TL 
958 |a DB 
999 |c 892995  |d 894925 
952 |t P60, <03>, [BOOK], {603}  |a SNK  |b SNK  |y PREZ  |7 0  |p 17A0185221  |o snkSB 59969  |i snkKSP 3120/99  |0 0  |1 0  |4 0  |d 1999-03-24  |f 1  |l 0  |r 2025-04-09 00:00:00  |w 2026-02-24 
952 |t P60, <04>, [BOOK], {604}  |a SNK  |b SNK  |y VYP  |7 0  |p 17A0185222  |o snkSB 59969 D1  |i snkKSP 3121/99  |0 0  |1 0  |4 0  |d 1999-03-24  |l 0  |r 2005-01-02 00:00:00  |w 2026-02-24